000 00774cam a2200241 4500
001 sa 68001104
003 DLC
005 20260227112430.0
008 710903m19679999pk b b 00110 eng
010 _asa 68001104 //r79
025 _aPL480:EP-E-421
043 _aaw-----
_aff-----
050 0 _aDS38.3
_b.I44
082 _a953/.02/0922
100 1 0 _aImamuddin, S. M.
245 1 2 _aA political history of Muslims,
_cby S. M. Imamuddin.
260 0 _aDacca,
_bNajmah
_c[1967-
300 _av. in
_bmaps.
_c23 cm.
500 _aVols. 2- 1st ed.; have imprint: Najmahsons, Dacca.
504 _aIncludes bibliographies and indexes.
505 1 _a[v. 1.] Prophet and pious caliphs.--v. 2. Umayyads and Abbasids, 661-1258. 2 v.
651 0 _aIslamic Empire
_xHistory.
999 _c77701
_d77701